00718nai a2200181Ia 4500003000900000008004100009022002200050022002300072040001600095245005300111260008600164310001200250362003000262521006900292650005800361650002900419856008800448IN-BaIIA211028c9999 xx s 000 0 eng d a1045-9227 (Print) a1941-0093 (Online) cIIA Library 0aIEEE Transactions on Neural Networksh[eJournal] aNew York, USAbThe Institute of Electrical and Electronics Engineers, Inc. (IEEE) aMonthly a1(1); 1990 - 22(12); 2011 bSubscribed through National Knowledge Resource Consortium (NKRC) a Communication, Networking and Broadcast Technologies aComputing and Processing uhttps://ieeexplore.ieee.org/servlet/opac?punumber=72yClick Here to Access eJournal